000
00257nam a2200097Ia 4500
008
200302s9999 xx 000 0 und d
100
_a
Maria Flynn
245
_a
Creating Harmonious Moods in the Home
260
_b
A Roto Vision Book Published
300
_a
176 P.,
999
_c
1761
_d
1761